000 01064nam a2200241 a 4500
999 _c12374
_d12374
001 12374
003 BD-JhCC
005 20220825134022.0
008 210605s20212020bg |||| |||| 000 0 ben d
020 _a9789849522201
035 _a(BD-JhCC)12374
040 _aBD-JhCC
_dBD-JhCC
041 _aBangali
082 _a909.04924
_bAZM 2021
100 _aআজমি, ড. মুহাম্মদ জিয়াউর রহমান
245 _aইহুদি ও খ্রিষ্টান জাতির ইতিহাস /
_cড. মুহাম্মদ জিয়াউর রহমান আজমি, অনু. মুহাম্মাদ রোকন উদ্দিন
260 _aঢাকা :
_bমুহাম্মদ পাবলিকেশন,
_c২০২১।
300 _a৫০৪ পৃ. :
_c২০ সেমি.
504 _aগ্রন্থপঞ্জি অন্তভূক্ত।
650 _aJews -- History.
700 _aউদ্দিন, মুহাম্মাদ রোকন
942 _2ddc
_cBK
_05